Bà mẹ và thanh gươm

में बचाया:
ग्रंथसूची विवरण
मुख्य लेखक: Phan Vũ (Tác giả)
स्वरूप: पुस्तक
भाषा:Vietnamese
प्रकाशित: H. Nxb Văn hóa 1978
विषय:
टैग : टैग जोड़ें
कोई टैग नहीं, इस रिकॉर्ड को टैग करने वाले पहले व्यक्ति बनें!
Thư viện lưu trữ: Mạng thư viện Đại học Đà Nẵng
LEADER 00980nam a2200313 4500
001 000005343
003 1487
005 20120409090418.0
008 110815s1978 viesd
020 |c 10000đ 
041 0 |a vie 
082 |a 895.922 2  |b PH-V 
100 0 |a Phan Vũ  |e Tác giả 
245 0 |a Bà mẹ và thanh gươm  |c Phan Vũ tác giả 
260 |a H.  |b Nxb Văn hóa  |c 1978 
300 |a 306 tr  |c 19 cm 
653 |a Văn học Việt Nam 
653 |a Kịch 
910 |a Ngô Văn Đường 
OWN |a LSP 
AVA |a UDN50  |b LSP  |d 895.922 2 PH-V  |e unavailable  |t Error 5002 Not defined in file expand_doc_bib_avail.  |f 1  |g 1  |h N  |i 0  |k 1 
999 |a From the UDN01 
AVA |a UDN50  |b LSP  |d 895.922 2 PH-V  |e unavailable  |t Error 5002 Not defined in file expand_doc_bib_avail.  |f 1  |g 1  |h N  |i 0  |k 1 
TYP |a Monograph 
TYP |a Printed language 
980 |a Mạng thư viện Đại học Đà Nẵng